Republic of Estonia : 2008 Article IV Consultation; Staff Report; Staff Statement; Public Information Notice on the Executive Board Discussion; and Statement by the Executive Director for the Republic of Estonia.

This 2008 Article IV Consultation highlights that the economy of Estonia is now experiencing its most severe recession since the early 1990s. The financial sector has withstood the global financial turbulence well so far, but risks remain significant. Executive Directors have commended the Estonian...

ver descrição completa

Detalhes bibliográficos
Autor Corporativo: International Monetary Fund
Formato: Periódico
Idioma:English
Publicado em: Washington, D.C. : International Monetary Fund, 2009.
Colecção:IMF Staff Country Reports; Country Report ; No. 2009/086
Acesso em linha:Full text available on IMF
LEADER 01749cas a2200241 a 4500
001 AALejournalIMF005678
008 230101c9999 xx r poo 0 0eng d
020 |c 5.00 USD 
020 |z 9781451812558 
022 |a 1934-7685 
040 |a BD-DhAAL  |c BD-DhAAL 
110 2 |a International Monetary Fund. 
245 1 0 |a Republic of Estonia :   |b 2008 Article IV Consultation; Staff Report; Staff Statement; Public Information Notice on the Executive Board Discussion; and Statement by the Executive Director for the Republic of Estonia. 
264 1 |a Washington, D.C. :  |b International Monetary Fund,  |c 2009. 
300 |a 1 online resource (52 pages) 
490 1 |a IMF Staff Country Reports 
500 |a <strong>Off-Campus Access:</strong> No User ID or Password Required 
500 |a <strong>On-Campus Access:</strong> No User ID or Password Required 
506 |a Electronic access restricted to authorized BRAC University faculty, staff and students 
520 3 |a This 2008 Article IV Consultation highlights that the economy of Estonia is now experiencing its most severe recession since the early 1990s. The financial sector has withstood the global financial turbulence well so far, but risks remain significant. Executive Directors have commended the Estonian authorities for the progress made in recent years in achieving economic convergence and deepening real and financial ties with the European Union. Directors have also commended the authorities for their planned substantial fiscal restraint in 2009. 
538 |a Mode of access: Internet 
830 0 |a IMF Staff Country Reports; Country Report ;  |v No. 2009/086 
856 4 0 |z Full text available on IMF  |u http://elibrary.imf.org/view/journals/002/2009/086/002.2009.issue-086-en.xml  |z IMF e-Library